Colombia : 2019 Article IV Consultation-Press Release; Staff Report; and Statement by the Executive Director for Colombia.

This 2019 Article IV Consultation discusses Colombia's economy that is improving drastically and is supported by very strong policy frameworks and well-executed policies. The recovery is gaining momentum and external imbalances have widened. Despite weaker-than-expected external demand, activit...

Πλήρης περιγραφή

Λεπτομέρειες βιβλιογραφικής εγγραφής
Συγγραφή απο Οργανισμό/Αρχή: International Monetary Fund. Western Hemisphere Dept
Μορφή: Επιστημονικό περιοδικό
Γλώσσα:English
Έκδοση: Washington, D.C. : International Monetary Fund, 2019.
Σειρά:IMF Staff Country Reports; Country Report ; No. 2019/106
Διαθέσιμο Online:Full text available on IMF
LEADER 02128cas a2200241 a 4500
001 AALejournalIMF019274
008 230101c9999 xx r poo 0 0eng d
020 |c 5.00 USD 
020 |z 9781498311786 
022 |a 1934-7685 
040 |a BD-DhAAL  |c BD-DhAAL 
110 2 |a International Monetary Fund.  |b Western Hemisphere Dept. 
245 1 0 |a Colombia :   |b 2019 Article IV Consultation-Press Release; Staff Report; and Statement by the Executive Director for Colombia. 
264 1 |a Washington, D.C. :  |b International Monetary Fund,  |c 2019. 
300 |a 1 online resource (77 pages) 
490 1 |a IMF Staff Country Reports 
500 |a <strong>Off-Campus Access:</strong> No User ID or Password Required 
500 |a <strong>On-Campus Access:</strong> No User ID or Password Required 
506 |a Electronic access restricted to authorized BRAC University faculty, staff and students 
520 3 |a This 2019 Article IV Consultation discusses Colombia's economy that is improving drastically and is supported by very strong policy frameworks and well-executed policies. The recovery is gaining momentum and external imbalances have widened. Despite weaker-than-expected external demand, activity is expected to accelerate in 2019. Rebounding investment, continued policy support, and substantial migration from Venezuela are expected to lift growth to 3.6 percent while the current account deficit is expected to remain wide. The authorities expect the recovery to gather momentum in 2019 and inflation to remain close to target. Structural reforms are needed to boost inclusive growth and enhance external competitiveness. Addressing infrastructure gaps, strengthening governance and the rule of law, reducing informality, and enhancing customs and other trade practices are crucial. The draft National Development Plan rightly identifies key priorities and lays out a roadmap for reforms. 
538 |a Mode of access: Internet 
830 0 |a IMF Staff Country Reports; Country Report ;  |v No. 2019/106 
856 4 0 |z Full text available on IMF  |u http://elibrary.imf.org/view/journals/002/2019/106/002.2019.issue-106-en.xml  |z IMF e-Library